Cudzie jazyky v premenách času 5. recenzovaný zborník príspevkov z medzinárodnej vedeckej konferencie konanej 6. novembra 2014 [v Bratislave]

Enregistré dans:
Détails bibliographiques
Collectivités auteurs: Cudzie jazyky v premenách času. Medzinárodná vedecká konferencia, Ekonomická univerzita v Bratislave. Fakulta aplikovaných jazykov
Autres auteurs: Breveníková, Daniela, Kvapil, Roman, 1971-, Povchanič, Štefan
Format: Livre
Langue:slovaque
anglais
allemand
russe
Publié: Bratislava Vydavateľstvo EKONÓM 2015
Édition:1. vyd.
Sujets:
Tags: Ajouter un tag
Pas de tags, Soyez le premier à ajouter un tag!

MARC

LEADER 00000nlm a2200000 4500
001 0209500
005 20240514065819.6
020 |a 978-80-225-4132-9 
041 0 |a slo 
041 0 |a eng 
041 0 |a ger 
041 0 |a rus 
044 |a SK 
245 1 0 |a Cudzie jazyky v premenách času 5.  |b recenzovaný zborník príspevkov z medzinárodnej vedeckej konferencie konanej 6. novembra 2014 [v Bratislave]  |c zostavovatelia: Daniela Breveníková, Roman Kvapil ; recenzenti: Štefan Povchanič, Daniela Breveníková ... [et al.] 
250 |a 1. vyd. 
264 1 |a Bratislava  |b Vydavateľstvo EKONÓM  |c 2015 
300 |a CD-ROM [180 s., 19,98 AH] 
610 2 0 |a jazyky cudzie 
610 2 0 |a jazykoveda 
610 2 0 |a gramatika 
610 2 0 |a komunikácia interkultúrna 
610 2 0 |a preklady 
700 1 |a Breveníková, Daniela 
700 1 |a Kvapil, Roman, 1971- 
700 1 |a Povchanič, Štefan 
700 1 |a Breveníková, Daniela 
110 2 |a Cudzie jazyky v premenách času. Medzinárodná vedecká konferencia 
710 2 |a Ekonomická univerzita v Bratislave. Fakulta aplikovaných jazykov